In the shadow of Denali / (Record no. 370)
[ view plain ]
| 000 -LEADER | |
|---|---|
| fixed length control field | 00929cam a2200289 a 4500 |
| 005 - DATE AND TIME OF LATEST TRANSACTION | |
| control field | 20260322212017.0 |
| 008 - FIXED-LENGTH DATA ELEMENTS--GENERAL INFORMATION | |
| fixed length control field | data |
| 010 ## - LIBRARY OF CONGRESS CONTROL NUMBER | |
| LC control number | 94184689 |
| 020 ## - INTERNATIONAL STANDARD BOOK NUMBER | |
| International Standard Book Number | 0385312458 : |
| Terms of availability | {dollar}11.95 |
| 020 ## - INTERNATIONAL STANDARD BOOK NUMBER | |
| International Standard Book Number | 9780385312455 : |
| Terms of availability | {dollar}11.95 |
| 040 ## - CATALOGING SOURCE | |
| Original cataloging agency | MiBir |
| Transcribing agency | MiBir |
| Modifying agency | DLC |
| -- | DLC |
| 042 ## - AUTHENTICATION CODE | |
| Authentication code | lccopycat |
| 043 ## - GEOGRAPHIC AREA CODE | |
| Geographic area code | n-us-ak |
| 050 00 - LIBRARY OF CONGRESS CALL NUMBER | |
| Classification number | GV199.42.A42 |
| Item number | M3276 1994 |
| 082 00 - DEWEY DECIMAL CLASSIFICATION NUMBER | |
| Classification number | 796.5/22/097983 |
| Edition information | 20 |
| 092 ## - LOCALLY ASSIGNED DEWEY CALL NUMBER (OCLC) | |
| Classification number | 796.522 W384 1994 |
| 001 - CONTROL NUMBER | |
| control field | data |
| 100 1# - MAIN ENTRY--PERSONAL NAME | |
| Personal name | Waterman, Jonathan. |
| 245 10 - TITLE STATEMENT | |
| Title | In the shadow of Denali / |
| Statement of responsibility, etc. | Jonathan Waterman. |
| 260 ## - PUBLICATION, DISTRIBUTION, ETC. | |
| Place of publication, distribution, etc. | New York, N.Y. : |
| Name of publisher, distributor, etc. | Dell Pub., |
| Date of publication, distribution, etc. | c1994. |
| 300 ## - PHYSICAL DESCRIPTION | |
| Extent | 246 p., [8] p. of plates : |
| Other physical details | ill., ports ; |
| Dimensions | 21 cm. |
| 440 #0 - SERIES STATEMENT/ADDED ENTRY--TITLE | |
| Title | Delta expedition |
| 500 ## - GENERAL NOTE | |
| General note | "A Delta book"--T.p. verso. |
| 650 #0 - SUBJECT ADDED ENTRY--TOPICAL TERM | |
| Topical term or geographic name entry element | Mountaineering |
| Geographic subdivision | Denali, Mount |
| -- | Denali, Mount |
| General subdivision | History. |
| 650 #0 - SUBJECT ADDED ENTRY--TOPICAL TERM | |
| Topical term or geographic name entry element | Mountaineering accidents |
| Geographic subdivision | Denali, Mount |
| -- | Denali, Mount |
| General subdivision | History. |
| 651 #0 - SUBJECT ADDED ENTRY--GEOGRAPHIC NAME | |
| Geographic name | Denali, Mount (Alaska) |
| General subdivision | History. |
| Withdrawn status | Lost status | Damaged status | Not for loan | Home library | Current library | Shelving location | Date acquired | Total checkouts | Full call number | Barcode | Date last seen | Price effective from | Koha item type |
|---|---|---|---|---|---|---|---|---|---|---|---|---|---|
| Fairview | Fairview | General stacks | 22/03/2026 | 796.5/22/097983 20 | BC0010380 | 22/03/2026 | 22/03/2026 | Books |